| 000 | 00404nam a2200145Ia 4500 | ||
|---|---|---|---|
| 008 | 150610s9999 xx 000 0 und d | ||
| 020 | _a0 439577756 | ||
| 050 |
_aPZ7 _b.Av957 2002 |
||
| 100 | _aAvi | ||
| 245 |
_aCrispin the cross of lead _cAvi. |
||
| 260 |
_aNew York : _bScholastic, _c2002. |
||
| 300 |
_a262pages ; _c24 cm. |
||
| 520 | _aJuvenile fiction. | ||
| 650 |
_aOrphans _x Juvenile fiction. |
||
| 999 |
_c288119 _d288119 |
||